Csőd-, végelszámolás, felszámolás és a kényszertörlés számviteli feladatai a gyakorlatban

Bibliographic Details
Main Author: Roszoly Dorina
Other Authors: Szekeres Dr. Bernadett
Format: Thesis
Kulcsszavak:Csődeljárás
Végelszámolás
Felszámolás
Online Access:http://dolgozattar.uni-bge.hu/13914

MARC

LEADER 00000nta a2200000 i 4500
001 dolg13914
005 20171213104614.0
008 171213suuuu hu om 000 hun d
040 |a BGE Dolgozattár Repozitórium  |b hun 
041 |a hu 
100 1 |a Roszoly Dorina 
245 1 0 |a Csőd-, végelszámolás, felszámolás és a kényszertörlés számviteli feladatai a gyakorlatban  |c Roszoly Dorina  |h [elektronikus dokumentum] 
695 |a Csődeljárás 
695 |a Végelszámolás 
695 |a Felszámolás 
700 1 |a Szekeres Dr. Bernadett  |e ths 
856 4 0 |u http://dolgozattar.uni-bge.hu/13914/7/felt%C3%B6ltend%C5%91.pdf  |z Dokumentum-elérés